Las garantías del inculpado : la defensa adecuada, el derecho a ofrecer pruebas, naturaleza y causa de la acusación /

Contenido: I. Derecho a una defensa adecuada: 1. Introducción; 2. Antecedente histórico: la Constitución Federal de los Estados Unidos de América: análisis y comparación de los preceptos constitucionales- México y EUA; 3. La garantía de defensa de la CPEUM; 4. ¿En qué consiste el derecho a la defens...

Täydet tiedot

Tallennettuna:
Bibliografiset tiedot
Päätekijä: Hernández-Romo Valencia, Pablo (autor)
Aineistotyyppi: Kirja
Kieli:espanja
Julkaistu: México : Porrúa : Universidad Panamericana, 2009, c2009
Aiheet:
Tagit: Lisää tagi
Ei tageja, Lisää ensimmäinen tagi!

MARC

LEADER 00000nam^a2200000^a^4500
001 000297000
005 20250521000000.0
009 20260310112324.686
020 |a 978-607-9-00129-2 
037 |a Acervo ITESO - Biblioteca 
041 |a ESP 
082 |a 345. 72056  |b HER 
100 |a Hernández-Romo Valencia, Pablo.  |e (autor) 
245 1 4 |a Las garantías del inculpado :  |b la defensa adecuada, el derecho a ofrecer pruebas, naturaleza y causa de la acusación /  |c P. Hernández-Romo Valencia. 
264 4 |a México :  |b Porrúa :  |b Universidad Panamericana,  |c 2009, c2009 
300 |a XVI, 190 p. 
336 |a texto  |b txt  |2 rdacontenido 
337 |a sin mediación  |b n  |2 rdamedio 
338 |a volumen  |b nc  |2 rdasoporte 
520 |a Contenido: I. Derecho a una defensa adecuada: 1. Introducción; 2. Antecedente histórico: la Constitución Federal de los Estados Unidos de América: análisis y comparación de los preceptos constitucionales- México y EUA; 3. La garantía de defensa de la CPEUM; 4. ¿En qué consiste el derecho a la defensa?; 5. Supuestos dudosos y alcance de la garantía de defensa; 6. Funciones del derecho de la defensa; 7. ¿Cuándo comienza el derecho a la defensa?; 8. La autodefensa o defensa por sí; 9. La defensa por "persona de confianza"; 10. La defensa adecuada; 11. El abogado defensor que proporciona el Estado: el defensor de oficio; 12. ¿Existe alguna garantía de defensa adecuada para los menores infractores?; 13. Consecuencias de la ausencia de una defensa adecuada; 14. ¿Qué debe hacer un abogado que acepta una defensa penal?; 15. La garantía de defensa adecuada como derecho humano; II. La garantía del careo constitucional y el derecho a ofrecer pruebas: 1. Introducción; 2. La garantía del careo: la fracción IV de la CPEUM; 3. El derecho a ofrecer pruebas: la fracción V de la CPEUM; 4. El "careo constitucional" y "los testigos y demás pruebas"; 5. Obligación de recibir todas las pruebas; III. Naturaleza y causa de la acusación: 1. Introducción; 2. Antecedente histórico: la constitución norteamericana; 3. Contenido y significado del término "naturaleza y causa de la acusación". 
649 |a XX 
650 |a Presos -  |z México -  |x Condiciones Jurídicas -  |x Tema Principal 
650 |a Acusaciones -  |z México -  |x Tema Principal 
650 |a Prueba (Derecho) -  |z México -  |x Tema Principal 
650 |a Defensa (Proceso Penal) -  |z México -  |x Tema Principal 
650 |a Justicia -  |x Administración -  |z México 
650 |a Derecho Procesal Penal -  |z México 
650 |a Derecho Procesal -  |z México 
650 |a Derecho Penal -  |z México 
650 |a Derecho Público -  |z México 
910 |a Fondo General 
920 |a Impresos - Libros 
930 |a Colección General 
905 |a 101 
901 |a 0500182715  |b IT1  |c ACC  |i C121137  |u 20250521 
902 |a https://opac.biblio.iteso.mx/vufind/Record/000297000